Regional report (Record no. 79947)
[ view plain ]
| 000 -LEADER | |
|---|---|
| fixed length control field | 00934cab a22002175a 4500 |
| 001 - CONTROL NUMBER | |
| control field | L142831 |
| 008 - FIXED-LENGTH DATA ELEMENTS--GENERAL INFORMATION | |
| fixed length control field | 071213e20080307xxkad f s 000 0 eng d |
| 035 ## - SYSTEM CONTROL NUMBER | |
| System control number | (Sirsi) u142831 |
| 041 0# - LANGUAGE CODE | |
| Language code of text/sound track or separate title | eng |
| 100 1# - MAIN ENTRY--PERSONAL NAME | |
| Personal name | Heap, Richard |
| 245 00 - TITLE STATEMENT | |
| Title | Regional report |
| Remainder of title | Ireland |
| 260 ## - PUBLICATION, DISTRIBUTION, ETC. | |
| Date of publication, distribution, etc. | 2008 |
| 490 #0 - SERIES STATEMENT | |
| Series statement | Property Week |
| Volume/sequential designation | 73(10) 7 March 2008, 133-151(10) |
| 520 ## - SUMMARY, ETC. | |
| Summary, etc. | Reports on market news and deals from around the country. Explains why the opening of Belfast's £400m Victoria Square shopping centre is important for the province. Discusses a retail development scheme in Dublin. Analyses the economic conditions of the national housing market. Discusses the state of the Dublin office market and developments in the Belfast office market. |
| 590 ## - LOCAL NOTE (RLIN) | |
| Local note | KA |
| 651 #4 - SUBJECT ADDED ENTRY--GEOGRAPHIC NAME | |
| Geographic name | Ireland (Island of) |
| 651 4# - SUBJECT ADDED ENTRY--GEOGRAPHIC NAME | |
| Geographic name | Europe |
| 690 ## - LOCAL SUBJECT ADDED ENTRY--TOPICAL TERM (OCLC, RLIN) | |
| Topical term or geographic name as entry element | PROPERTY-COMMERCIAL PROPERTY-COMMERCIAL PROPERTY MARKET |
| 700 1# - ADDED ENTRY--PERSONAL NAME | |
| Personal name | Nightingale, Victoria |
| 942 ## - ADDED ENTRY ELEMENTS (KOHA) | |
| Suppress in OPAC | 0 |
| Withdrawn status | Lost status | Source of classification or shelving scheme | Damaged status | Not for loan | Home library | Current library | Shelving location | Date acquired | Total Checkouts | Full call number | Barcode | Date last seen | Copy number | Price effective from | Koha item type |
|---|---|---|---|---|---|---|---|---|---|---|---|---|---|---|---|
| Dewey Decimal Classification | London | London | Journal article | 13/03/2008 | L142831 | 142831-1001 | 06/08/2019 | 1 | 06/08/2019 | Journal article |